000 00283 a2200109 4500
001 64436
082 _a344.07802642 CII
090 _c38062
_d38062
100 _aCouncil of Islamic Ideology
245 _aFinal Report on Examination of Laws 1973
260 _aIslamabad
_bC.I.I
942 _aNUST-CAE
_k344.07802642 CII
999 _c299509
_d299509